The Philosophy of Karl Popper. Book II (Record no. 815246)
[ view plain ]
| 000 -CABECERA | |
|---|---|
| Campo de control de longitud fija | 00579nam a2200193 4500 |
| 001 - NÚMERO DE CONTROL | |
| Campo de control | VA26369 |
| 003 - IDENTIFICADOR DEL NÚMERO DE CONTROL | |
| Campo de control | ES-SlBCS |
| 005 - FECHA Y HORA DE LA ÚLTIMA TRANSACCIÓN | |
| Campo de control | 20210601155209.0 |
| 008 - CÓDIGOS DE INFORMACIÓN DE LONGITUD FIJA | |
| Campo de control de longitud fija | 140520s1974 xxu||||| |||| 00| 0 eng d |
| 020 ## - NÚMERO INTERANCIONAL NORMALIZADO PARA LIBROS (ISBN) | |
| Número Internacional Normalizado para Libros (ISBN) | 0-87548-142-6 |
| 041 ## - CÓDIGO DE LENGUA | |
| Código de lengua del texto/banda sonora o título independiente | eng |
| 100 1# - PUNTO DE ACCESO PRINCIPAL-NOMBRE DE PERSONA | |
| Nombre de persona | Schilpp, Paul Arthur |
| 9 (RLIN) | 348826 |
| 245 14 - MENCIÓN DE TÍTULO | |
| Título | The Philosophy of Karl Popper. Book II |
| Mención de responsabilidad, etc. | Paul Arthur Schilpp |
| 260 ## - PUBLICACIÓN, DISTRIBUCIÓN, ETC... (PIE DE IMPRENTA) | |
| Lugar de publicación, distribución, etc. | La Salle, Illinois : |
| Nombre del editor, distribuidor, etc. | Open Court |
| Fecha de publicación, distribución, etc. | , 1974 |
| 300 ## - DESCRIPCIÓN FÍSICA | |
| Extensión | XII,670-1323 p.; |
| Dimensiones | 24 cm |
| 490 0# - MENCIÓN DE SERIE | |
| Mención de serie | The Library of Living Philosophers. Book II |
| Designación de volumen o secuencia | 14 |
| 600 1# - PUNTO DE ACCESO ADICIONAL DE MATERIA-NOMBRE DE PERSONA | |
| Nombre personal | Popper, Karl-Filosofía |
| 9 (RLIN) | 369980 |
| 942 ## - ENTRADA DE ELEMENTOS AGREGADOS (KOHA) | |
| Koha [por defecto] tipo de item | Libros |
| Suprimido | Perdido | Estropeado | No para préstamo | Localización permanente | Localización actual | Localización en estantería | Fecha adquisición | Préstamos totales | Signatura completa | Número de Registro / Código de Barras | Fecha última consulta | Fecha del precio de reemplazo | Tipo de item de Koha |
|---|---|---|---|---|---|---|---|---|---|---|---|---|---|
| San Esteban | San Esteban | Valladolid | 11/07/2014 | 32/B5 | VA26369 | 11/07/2014 | 11/07/2014 | Libros |
